Elementos de fisiología / (Record no. 155300)

MARC details
000 -LEADER
campo de control de longitud fija 00934nam a22002295i 4500
001 - NÚMERO DE CONTROL
campo de control 155300
003 - IDENTIFICADOR DE NÚMERO DE CONTROL
campo de control ES-MaACL
005 - FECHA Y HORA DE LA ÚLTIMA TRANSACCIÓN
campo de control 20250706063013.0
008 - DATOS DE LONGITUD FIJA--INFORMACIÓN GENERAL
campo de control de longitud fija 990701s1871 sp az |||| | spa d
040 ## - FUENTE DE CATALOGACIÓN
Centro catalogador/agencia de origen GA
Lengua de catalogación spa
Centro/agencia transcriptor CCPB | 3D
100 1# - ENTRADA PRINCIPAL--NOMBRE DE PERSONA
Nombre de persona Hermann
Títulos y otros términos asociados al nombre (Geógrafo)
9 (RLIN) 127883
245 10 - MENCIÓN DEL TÍTULO
Título Elementos de fisiología /
Mención de responsabilidad, etc. por el Doctor Hermann ; obra traducida al francés de la segunda edición alemana por M. Roye ; revisada y anotada por el Doctor Onimus ; traducida al castellano de la última edición francesa por J.G. Hidalgo.
260 ## - PUBLICACIÓN, DISTRIBUCIÓN, ETC.
Lugar de publicación, distribución, etc. Madrid :
Nombre del editor, distribuidor, etc. Moya y Plaza,
Fecha de publicación, distribución, etc. 1871 (
Fabricante Imprenta de R. Labajos)
300 ## - DESCRIPCIÓN FÍSICA
Extensión 590 p. :
Otras características físicas fig. ;
Dimensiones 22 cm.
596 #1 - NOTA AL PIE DE IMPRENTA
NOTA AL PIE DE IMPRENTA Marca de ed. en port.
700 11 - ENTRADA AGREGADA--NOMBRE PERSONAL
Nombre de persona Roye, M.,
Término indicativo de función/relación
9 (RLIN) 132133
700 11 - ENTRADA AGREGADA--NOMBRE PERSONAL
Nombre de persona Hidalgo, J.G.,
Término indicativo de función/relación
9 (RLIN) 127973
700 11 - ENTRADA AGREGADA--NOMBRE PERSONAL
Nombre de persona Onimus,
Término indicativo de función/relación
9 (RLIN) 130659
752 ## - ENTRADA AGREGADA--NOMBRE JERÁRQUICO DEL LUGAR
País o entidad superior España -
Ciudad Madrid
852 ## - LOCALIZACIÓN
Ubicación ES-MaACL
Número de control de estantería G-14981
Nota libre -- Enc. hol.
Holdings
Estatus retirado Estado de pérdida Estado de daño No para préstamo Colección Biblioteca de origen Biblioteca actual Ubicación en estantería Fecha de adquisición Fuente de adquisición Total de préstamos Signatura topográfica completa Código de barras Visto por última vez Precio de reemplazo Tipo de ítem Koha
        Libros del s. XIX Biblioteca del Ateneo de Madrid Biblioteca del Ateneo de Madrid Sala Pecera Planta 3 17/01/2008     G-14981 1162452 23/02/2023 23/02/2023 Libro impreso antiguo